<?xml version="1.0" encoding="UTF-8"?><marc:collection xmlns:marc="http://www.loc.gov/MARC21/slim">
  <marc:record>
    <marc:leader>00000nam##2200000za#4500</marc:leader>
    <marc:controlfield tag="001">9.614776</marc:controlfield>
    <marc:controlfield tag="003">CaOODSP</marc:controlfield>
    <marc:controlfield tag="005">20200706133921</marc:controlfield>
    <marc:controlfield tag="007">ta</marc:controlfield>
    <marc:controlfield tag="008">150406|1999||||xxc|||||     f|0| 0 eng|d</marc:controlfield>
    <marc:datafield tag="020" ind1=" " ind2=" ">
      <marc:subfield code="a">0-660-17748-X</marc:subfield>
    </marc:datafield>
    <marc:datafield tag="022" ind1=" " ind2=" ">
      <marc:subfield code="a">1200-5223</marc:subfield>
    </marc:datafield>
    <marc:datafield tag="040" ind1=" " ind2=" ">
      <marc:subfield code="a">CaOODSP</marc:subfield>
      <marc:subfield code="b">eng</marc:subfield>
    </marc:datafield>
    <marc:datafield tag="043" ind1=" " ind2=" ">
      <marc:subfield code="a">n-cn---</marc:subfield>
    </marc:datafield>
    <marc:datafield tag="086" ind1="1" ind2=" ">
      <marc:subfield code="a">CS11-0019/133E</marc:subfield>
    </marc:datafield>
    <marc:datafield tag="245" ind1="0" ind2="0">
      <marc:subfield code="a">Rising self-employment in the midst of high unemployment : </marc:subfield>
      <marc:subfield code="b">an empirical analysis of recent developments in Canada / </marc:subfield>
      <marc:subfield code="c">by Zhengxi Lin, Janice Yates and Garnett Picot. </marc:subfield>
    </marc:datafield>
    <marc:datafield tag="260" ind1=" " ind2=" ">
      <marc:subfield code="a">Ottawa - Ontario : </marc:subfield>
      <marc:subfield code="b">Statistics Canada. </marc:subfield>
      <marc:subfield code="c">1999.</marc:subfield>
    </marc:datafield>
    <marc:datafield tag="300" ind1=" " ind2=" ">
      <marc:subfield code="a">23p. : </marc:subfield>
      <marc:subfield code="b">graphs, tables ; </marc:subfield>
      <marc:subfield code="c">28 cm.</marc:subfield>
    </marc:datafield>
    <marc:datafield tag="490" ind1="1" ind2=" ">
      <marc:subfield code="a">Research paper series</marc:subfield>
      <marc:subfield code="x">1200-5223</marc:subfield>
      <marc:subfield code="v">133</marc:subfield>
    </marc:datafield>
    <marc:datafield tag="500" ind1=" " ind2=" ">
      <marc:subfield code="a">"Are people being 'pushed' into self-employment because they cannot find paid employment or do they 'pull' themselves into it because they enjoy all the comparative advantages associated with being their own boss...? Are these jobs stable in the sense that once in people tend to remain self-employed for a relatively long period of time, implying low levels of turnovers, especially exists; or is self-employment simply a stop-gap that people use until they find a paid job, implying significant entry and exit movements?... This paper attempts to address the first question... Issues surrounding the second question on the entry and exit dynamics of self-employment will be dealt with in a companion paper at the individual level."--Page 1.</marc:subfield>
    </marc:datafield>
    <marc:datafield tag="504" ind1=" " ind2=" ">
      <marc:subfield code="a">Bibliography.</marc:subfield>
    </marc:datafield>
    <marc:datafield tag="520" ind1="3" ind2=" ">
      <marc:subfield code="a">Are people being 'pushed' into self-employment because they cannot find paid employment or do they 'pull' themselves into it because they enjoy all the comparative advantages associated with being their own boss...? Are these jobs stable in the sense that once in people tend to remain self-employed for a relatively long period of time, implying low levels of turnovers, especially exists; or is self-employment simply a stop-gap that people use until they find a paid job, implying significant entry and exit movements?... This paper attempts to address the first question... Issues surrounding the second question on the entry and exit dynamics of self-employment will be dealt with in a companion paper at the individual level.--Page 1</marc:subfield>
    </marc:datafield>
    <marc:datafield tag="563" ind1=" " ind2=" ">
      <marc:subfield code="a">Softcover</marc:subfield>
    </marc:datafield>
    <marc:datafield tag="590" ind1=" " ind2=" ">
      <marc:subfield code="a">99-23</marc:subfield>
      <marc:subfield code="b">1999-06-11</marc:subfield>
    </marc:datafield>
    <marc:datafield tag="710" ind1="2" ind2=" ">
      <marc:subfield code="a">Statistics Canada. </marc:subfield>
      <marc:subfield code="b">Analytical Studies Branch.</marc:subfield>
    </marc:datafield>
    <marc:datafield tag="720" ind1="1" ind2=" ">
      <marc:subfield code="a">Lin, Zhengxi</marc:subfield>
    </marc:datafield>
    <marc:datafield tag="720" ind1="1" ind2=" ">
      <marc:subfield code="a">Sweetman, Arthur</marc:subfield>
    </marc:datafield>
    <marc:datafield tag="720" ind1="1" ind2=" ">
      <marc:subfield code="a">Yates, Janice</marc:subfield>
    </marc:datafield>
    <marc:datafield tag="775" ind1="0" ind2="8">
      <marc:subfield code="t">L'accroissement de l'emploi autonome en période de chômage élevé : </marc:subfield>
      <marc:subfield code="w">(CaOODSP)9.625016</marc:subfield>
    </marc:datafield>
    <marc:datafield tag="776" ind1="0" ind2="#">
      <marc:subfield code="t">Rising self-employment in the midst of high unemployment : </marc:subfield>
      <marc:subfield code="w">(CaOODSP)9.574650</marc:subfield>
    </marc:datafield>
    <marc:datafield tag="830" ind1="#" ind2="0">
      <marc:subfield code="a">Research paper series,</marc:subfield>
      <marc:subfield code="x">1200-5223</marc:subfield>
      <marc:subfield code="v">133</marc:subfield>
      <marc:subfield code="w">(CaOODSP)9.514463</marc:subfield>
    </marc:datafield>
    <marc:datafield tag="986" ind1=" " ind2=" ">
      <marc:subfield code="a">11F-0019MPE-133</marc:subfield>
    </marc:datafield>
  </marc:record>
</marc:collection>
